<?xml version="1.0" encoding="UTF-8"?>
<record
    xmlns:xsi="http://www.w3.org/2001/XMLSchema-instance"
    xsi:schemaLocation="http://www.loc.gov/MARC21/slim http://www.loc.gov/standards/marcxml/schema/MARC21slim.xsd"
    xmlns="http://www.loc.gov/MARC21/slim">

  <leader>04166nam0a22006371  4500</leader>
  <controlfield tag="001">RU\NLR\A1\PETRI\501</controlfield>
  <controlfield tag="005">20260406094634.0</controlfield>
  <datafield tag="035" ind1=" " ind2=" ">
    <subfield code="a">(NLR Aleph) 009685508</subfield>
  </datafield>
  <datafield tag="090" ind1=" " ind2=" ">
    <subfield code="a">9717372</subfield>
    <subfield code="c">9717372</subfield>
  </datafield>
  <datafield tag="100" ind1=" " ind2=" ">
    <subfield code="a">20000515d1716    u  y0rusy50      ca</subfield>
  </datafield>
  <datafield tag="101" ind1="1" ind2=" ">
    <subfield code="a">rus</subfield>
    <subfield code="c">lat</subfield>
  </datafield>
  <datafield tag="102" ind1=" " ind2=" ">
    <subfield code="a">RU</subfield>
  </datafield>
  <datafield tag="135" ind1=" " ind2=" ">
    <subfield code="a">crcn 024anaba</subfield>
  </datafield>
  <datafield tag="200" ind1="1" ind2=" ">
    <subfield code="a">&#x422;&#x430;&#x431;&#x43B;&#x438;&#x446;&#x44B; &#x441;&#x438;&#x43D;&#x443;&#x441;&#x43E;&#x432;, &#x442;&#x430;&#x43D;&#x433;&#x435;&#x43D;&#x441;&#x43E;&#x432;, &#x438; &#x441;&#x435;&#x43A;&#x430;&#x43D;&#x441;&#x43E;&#x432;, &#x438; &#x43B;&#x43E;&#x433;&#x430;&#x440;&#x438;&#x444;&#x43C;&#x430; &#x441;&#x438;&#x43D;&#x443;&#x441;&#x43E;&#x432; &#x438; &#x442;&#x430;&#x43D;&#x433;&#x435;&#x43D;&#x441;&#x43E;&#x432;:</subfield>
    <subfield code="e">&#x422;&#x430;&#x436;&#x435; &#x438; &#x447;&#x438;&#x441;&#x43B;, &#x435;&#x436;&#x435; &#x435;&#x441;&#x442;&#x44C; &#x43E;&#x442; &#x435;&#x434;&#x438;&#x43D;&#x430;&#x433;&#x43E; &#x434;&#x430;&#x436;&#x435; &#x434;&#x43E; 10000,</subfield>
    <subfield code="e">&#x421;&#x43E; &#x438;&#x437;&#x44A;&#x44F;&#x441;&#x43D;&#x435;&#x43D;&#x438;&#x435;&#x43C; &#x443;&#x434;&#x43E;&#x431;&#x43D;&#x435;&#x438;&#x448;&#x438;&#x43C;: &#x43E;&#x43D;&#x44B;&#x445; &#x434;&#x43E;&#x432;&#x43E;&#x43B;&#x44C;&#x441;&#x442;&#x432;&#x43E;&#x43C; &#x432;&#x43E;&#x437;&#x43C;&#x43E;&#x436;&#x43D;&#x43E; &#x440;&#x430;&#x437;&#x440;&#x435;&#x448;&#x438;&#x442;&#x438; &#x432;&#x441;&#x44F; &#x442;&#x440;&#x435;&#x443;&#x433;&#x43E;&#x43B;&#x44C;&#x43D;&#x438;&#x43A;&#x438; &#x43F;&#x440;&#x44F;&#x43C;&#x43E;&#x43B;&#x438;&#x43D;&#x438;&#x439;&#x43D;&#x44B;&#x44F;, &#x438; &#x441;&#x444;&#x435;&#x440;&#x438;&#x447;&#x435;&#x441;&#x43A;&#x438;&#x44F; &#x438; &#x43C;&#x43D;&#x43E;&#x436;&#x430;&#x439;&#x448;&#x430;&#x44F; &#x432;&#x43E;&#x43F;&#x440;&#x43E;&#x448;&#x435;&#x43D;&#x438;&#x44F; &#x430;&#x441;&#x442;&#x440;&#x43E;&#x43D;&#x43E;&#x43C;&#x438;&#x447;&#x435;&#x441;&#x43A;&#x430;&#x44F;.</subfield>
    <subfield code="f">&#x417;&#x430;&#x43F;&#x43E;&#x432;&#x435;&#x43B;&#x435;&#x43D;&#x438;&#x435;&#x43C; &#x43F;&#x440;&#x435;&#x441;&#x432;&#x435;&#x442;&#x43B;&#x435;&#x438;&#x448;&#x430;&#x433;&#x43E; &#x446;&#x430;&#x440;&#x441;&#x43A;&#x430;&#x433;&#x43E; &#x432;&#x435;&#x43B;&#x438;&#x447;&#x435;&#x441;&#x442;&#x432;&#x430; &#x432;&#x43E;&#x443;&#x43F;&#x43E;&#x442;&#x440;&#x435;&#x431;&#x43B;&#x435;&#x43D;&#x438;&#x435; &#x438;&#x437;&#x43D;&#x430;&#x43D;&#x438;&#x435; &#x43C;&#x430;&#x444;&#x435;&#x43C;&#x430;&#x442;&#x438;&#x43A;&#x43E;&#x43D;&#x430;&#x432;&#x438;&#x433;&#x430;&#x446;&#x43A;&#x438;&#x43C; &#x443;&#x447;&#x435;&#x43D;&#x438;&#x43A;&#x430;&#x43C;: &#x43A;&#x43E;&#x442;&#x43E;&#x440;&#x44B;&#x44F; &#x441;&#x43E;&#x434;&#x435;&#x440;&#x436;&#x430;&#x442;&#x441;&#x44F; &#x43F;&#x43E;&#x434;&#x44A;&#x43A;&#x43E;&#x43C;&#x430;&#x43D;&#x434;&#x43E;&#x44E; &#x433;&#x435;&#x43D;&#x435;&#x440;&#x430;&#x43B;&#x430;, &#x430;&#x434;&#x43C;&#x438;&#x440;&#x430;&#x43B;&#x430;, &#x43A;&#x430;&#x432;&#x430;&#x43B;&#x435;&#x440;&#x430;, &#x433;&#x443;&#x431;&#x435;&#x440;&#x43D;&#x430;&#x442;&#x43E;&#x440;&#x430;, &#x442;&#x430;&#x439;&#x43D;&#x430;&#x433;&#x43E; &#x441;&#x43E;&#x432;&#x435;&#x442;&#x43D;&#x438;&#x43A;&#x430; &#x438; &#x43F;&#x440;&#x435;&#x437;&#x438;&#x434;&#x435;&#x43D;&#x442;&#x430; &#x410;&#x434;&#x43C;&#x438;&#x440;&#x430;&#x43B;&#x442;&#x435;&#x439;&#x441;&#x442;&#x432;&#x430;: &#x433;&#x440;&#x430;&#x444;&#x430; &#x424;&#x435;&#x43E;&#x434;&#x43E;&#x440;&#x430; &#x41C;&#x430;&#x442;&#x432;&#x435;&#x435;&#x432;&#x438;&#x447;&#x430; &#x410;&#x43F;&#x440;&#x430;&#x43A;&#x441;&#x438;&#x43D;&#x430;.</subfield>
  </datafield>
  <datafield tag="205" ind1=" " ind2=" ">
    <subfield code="a">&#x422;&#x438;&#x441;&#x43D;&#x435;&#x43D;&#x438;&#x44E; &#x43F;&#x440;&#x435;&#x434;&#x430;&#x43D;&#x44B; &#x432; &#x41C;&#x43E;&#x441;&#x43A;&#x432;&#x435; &#x432;&#x442;&#x43E;&#x440;&#x44B;&#x43C; &#x442;&#x438;&#x43F;&#x43E;&#x43C;, &#x43F;&#x435;&#x440;&#x432;&#x435;&#x435;&#x436;&#x435; &#x43D;&#x44B;&#x43D;&#x435; &#x432;&#x43E;&#x433;&#x440;&#x430;&#x436;&#x434;&#x430;&#x43D;&#x441;&#x43A;&#x43E;&#x439; &#x442;&#x438;&#x43F;&#x43E;&#x433;&#x440;&#x430;&#x444;&#x438;&#x438;:</subfield>
    <subfield code="f">&#x41F;&#x43E;&#x434; &#x43D;&#x430;&#x434; &#x437;&#x440;&#x435;&#x43D;&#x438;&#x435;&#x43C; &#x433;&#x43E;&#x441;&#x43F;&#x43E;&#x434;&#x438;&#x43D;&#x430; &#x433;&#x435;&#x43D;&#x435;&#x440;&#x430;&#x43B;&#x430; &#x444;&#x435;&#x43B;&#x44C;&#x446;&#x435;&#x438;&#x445; &#x43C;&#x435;&#x438;&#x441;&#x442;&#x435;&#x440;&#x430; &#x438; &#x43A;&#x430;&#x432;&#x430;&#x43B;&#x435;&#x440;&#x430; &#x42F;&#x43A;&#x43E;&#x432;&#x430; &#x412;&#x438;&#x43B;&#x438;&#x43C;&#x43E;&#x432;&#x438;&#x447;&#x430; &#x411;&#x440;&#x44E;&#x441;&#x430;.</subfield>
    <subfield code="g">&#x422;&#x449;&#x430;&#x43D;&#x438;&#x435;&#x43C; &#x438; &#x437;&#x430;&#x43E;&#x441;&#x432;&#x438;&#x434;&#x435;&#x442;&#x435;&#x43B;&#x441;&#x442;&#x432;&#x43E;&#x43C; &#x43C;&#x430;&#x444;&#x435;&#x43C;&#x430;&#x442;&#x438;&#x43A;&#x43E;&#x43D;&#x430;&#x432;&#x438;&#x433;&#x430;&#x446;&#x43A;&#x438;&#x445; &#x448;&#x43A;&#x43E;&#x43B; &#x443;&#x447;&#x438;&#x442;&#x435;&#x43B;&#x435;&#x439; &#x410;&#x43D;&#x434;&#x440;&#x435;&#x44F; &#x424;&#x430;&#x440;&#x445;&#x432;&#x430;&#x440;&#x441;&#x43E;&#x43D;&#x430;, &#x421;&#x442;&#x435;&#x444;&#x430;&#x43D;&#x430; &#x413;&#x432;&#x44B;&#x43D;&#x430;, &#x438; &#x41B;&#x435;&#x43E;&#x43D;&#x44C;&#x442;&#x44C;&#x44F; &#x41C;&#x430;&#x433;&#x43D;&#x438;&#x446;&#x43A;&#x430;&#x433;&#x43E;.</subfield>
    <subfield code="g">&#x41E;&#x442; &#x431;&#x438;&#x431;&#x43B;&#x438;&#x43E;&#x442;&#x435;&#x43A;&#x430;&#x440;&#x44F; &#x412;:&#x41A;&#x438;&#x43F;&#x440;&#x438;&#x430;&#x43D;&#x43E;&#x432;&#x430;</subfield>
  </datafield>
  <datafield tag="210" ind1=" " ind2=" ">
    <subfield code="a">[&#x41C;.</subfield>
    <subfield code="c">&#x422;&#x438;&#x43F;. &#x412;.&#x41A;&#x438;&#x43F;&#x440;&#x438;&#x430;&#x43D;&#x43E;&#x432;&#x430;]</subfield>
    <subfield code="d">1716</subfield>
  </datafield>
  <datafield tag="215" ind1=" " ind2=" ">
    <subfield code="a">141 &#x43B;., 1 &#x43B;. &#x444;&#x440;&#x43E;&#x43D;&#x442;.</subfield>
  </datafield>
  <datafield tag="305" ind1=" " ind2=" ">
    <subfield code="a">&#x41F;&#x435;&#x440;. &#x43A;&#x43D;.: Vlacq A. Tabulae sinuum, tangentium et secantium et logarithmi sinuum tangentium, et numerorum ab unitate ad 10.000... (1-&#x435; &#x438;&#x437;&#x434;. - 1628)</subfield>
  </datafield>
  <datafield tag="305" ind1=" " ind2=" ">
    <subfield code="a">1-&#x435; &#x438;&#x437;&#x434;. &#x432;&#x44B;&#x448;&#x43B;&#x43E; &#x432; 1703 &#x433;.</subfield>
  </datafield>
  <datafield tag="307" ind1=" " ind2=" ">
    <subfield code="a">&#x420;&#x430;&#x437;&#x43C;&#x435;&#x440; &#x43D;&#x430;&#x431;&#x43E;&#x440;&#x430; 134 x 83 &#x43C;&#x43C;</subfield>
  </datafield>
  <datafield tag="316" ind1=" " ind2=" ">
    <subfield code="a">&#x42D;&#x43A;&#x437;. &#x420;&#x41D;&#x411; &#x434;&#x435;&#x444;.: &#x43E;&#x442;&#x441;&#x443;&#x442;&#x441;&#x442;&#x432;&#x443;&#x435;&#x442; &#x442;&#x438;&#x442;. &#x43B;.</subfield>
    <subfield code="5">&#x41F;-220&#x431;</subfield>
  </datafield>
  <datafield tag="321" ind1="1" ind2=" ">
    <subfield code="a">&#x421;&#x41A; 1708-1725 220</subfield>
  </datafield>
  <datafield tag="325" ind1=" " ind2=" ">
    <subfield code="a">&#x41A;&#x43E;&#x43F;&#x438;&#x44F; &#x434;&#x43E;&#x441;&#x442;&#x443;&#x43F;&#x43D;&#x430; &#x432; &#x42D;&#x43B;&#x435;&#x43A;&#x442;&#x440;&#x43E;&#x43D;. &#x431;-&#x43A;&#x435; &#x420;&#x41D;&#x411;</subfield>
  </datafield>
  <datafield tag="620" ind1=" " ind2=" ">
    <subfield code="d">&#x41C;&#x43E;&#x441;&#x43A;&#x432;&#x430;</subfield>
  </datafield>
  <datafield tag="700" ind1=" " ind2="1">
    <subfield code="6">z01</subfield>
    <subfield code="a">&#x412;&#x43B;&#x430;&#x43A;</subfield>
    <subfield code="b">&#x410;.</subfield>
    <subfield code="f">&#x43E;&#x43A;.1600-1667</subfield>
    <subfield code="g">&#x410;&#x434;&#x440;&#x438;&#x430;&#x43D;</subfield>
    <subfield code="4">070</subfield>
  </datafield>
  <datafield tag="700" ind1=" " ind2="1">
    <subfield code="6">z01</subfield>
    <subfield code="a">Vlacq</subfield>
    <subfield code="b">A.</subfield>
    <subfield code="4">070</subfield>
  </datafield>
  <datafield tag="702" ind1=" " ind2="1">
    <subfield code="4">340</subfield>
    <subfield code="8">rus</subfield>
    <subfield code="7">ca</subfield>
    <subfield code="a">&#x411;&#x440;&#x44E;&#x441;</subfield>
    <subfield code="b">&#x42F;. &#x412;.</subfield>
    <subfield code="f">1669-1735</subfield>
    <subfield code="g">&#x42F;&#x43A;&#x43E;&#x432; &#x412;&#x438;&#x43B;&#x438;&#x43C;&#x43E;&#x432;&#x438;&#x447;</subfield>
    <subfield code="3">RU\NLR\AUTH\7769624</subfield>
    <subfield code="9">52552</subfield>
  </datafield>
  <datafield tag="702" ind1=" " ind2="1">
    <subfield code="6">z02790</subfield>
    <subfield code="a">&#x424;&#x430;&#x440;&#x432;&#x430;&#x440;&#x441;&#x43E;&#x43D;</subfield>
    <subfield code="b">&#x410;.&#x414;.</subfield>
    <subfield code="f">1675-1739</subfield>
    <subfield code="g">&#x410;&#x43D;&#x434;&#x440;&#x435;&#x439; &#x414;&#x430;&#x43D;&#x438;&#x43B;&#x43E;&#x432;&#x438;&#x447;</subfield>
    <subfield code="4">730</subfield>
  </datafield>
  <datafield tag="702" ind1=" " ind2="1">
    <subfield code="a">&#x41C;&#x430;&#x433;&#x43D;&#x438;&#x446;&#x43A;&#x438;&#x439;</subfield>
    <subfield code="b">&#x41B;.&#x424;.</subfield>
    <subfield code="f">1669-1739</subfield>
    <subfield code="g">&#x41B;&#x435;&#x43E;&#x43D;&#x442;&#x438;&#x439; &#x424;&#x438;&#x43B;&#x438;&#x43F;&#x43F;&#x43E;&#x432;&#x438;&#x447;</subfield>
    <subfield code="4">730</subfield>
  </datafield>
  <datafield tag="702" ind1=" " ind2="1">
    <subfield code="6">z03790</subfield>
    <subfield code="a">&#x413;&#x432;&#x438;&#x43D;</subfield>
    <subfield code="b">&#x421;.</subfield>
    <subfield code="g">&#x421;&#x442;&#x438;&#x432;&#x435;&#x43D;</subfield>
    <subfield code="4">730</subfield>
  </datafield>
  <datafield tag="702" ind1=" " ind2="1">
    <subfield code="a">&#x41A;&#x438;&#x43F;&#x440;&#x438;&#x430;&#x43D;&#x43E;&#x432;</subfield>
    <subfield code="b">&#x412;.&#x410;.</subfield>
    <subfield code="f">-1723</subfield>
    <subfield code="g">&#x412;&#x430;&#x441;&#x438;&#x43B;&#x438;&#x439; &#x410;&#x43D;&#x443;&#x444;&#x440;&#x438;&#x435;&#x432;&#x438;&#x447;</subfield>
    <subfield code="4">610</subfield>
  </datafield>
  <datafield tag="712" ind1="0" ind2="0">
    <subfield code="a">&#x41A;&#x438;&#x43F;&#x440;&#x438;&#x44F;&#x43D;&#x43E;&#x432;</subfield>
    <subfield code="c">&#x41C;&#x43E;&#x441;&#x43A;&#x432;&#x430;</subfield>
    <subfield code="g">&#x412;.&#x410;.</subfield>
    <subfield code="h">&#x422;&#x438;&#x43F;&#x43E;&#x433;&#x440;&#x430;&#x444;&#x438;&#x44F;</subfield>
    <subfield code="4">610</subfield>
  </datafield>
  <datafield tag="790" ind1=" " ind2="1">
    <subfield code="6">z02702</subfield>
    <subfield code="a">&#x424;&#x430;&#x440;&#x445;&#x432;&#x430;&#x440;&#x441;&#x43E;&#x43D;</subfield>
    <subfield code="b">&#x410;.</subfield>
    <subfield code="g">&#x410;&#x43D;&#x434;&#x440;&#x435;&#x439;</subfield>
  </datafield>
  <datafield tag="790" ind1=" " ind2="1">
    <subfield code="6">z03702</subfield>
    <subfield code="a">&#x413;&#x432;&#x44B;&#x43D;</subfield>
    <subfield code="b">&#x421;.</subfield>
    <subfield code="g">&#x421;&#x442;&#x435;&#x444;&#x430;&#x43D;</subfield>
  </datafield>
  <datafield tag="801" ind1=" " ind2="0">
    <subfield code="a">RU</subfield>
    <subfield code="b">NLR</subfield>
    <subfield code="c">20000515</subfield>
  </datafield>
  <datafield tag="852" ind1=" " ind2=" ">
    <subfield code="a">NLR</subfield>
    <subfield code="j">&#x41F;-220</subfield>
  </datafield>
  <datafield tag="852" ind1=" " ind2=" ">
    <subfield code="a">NLR</subfield>
    <subfield code="j">&#x41F;-220&#x430;</subfield>
    <subfield code="y">&#x42D;&#x43A;&#x437;. &#x434;&#x435;&#x444;.</subfield>
  </datafield>
  <datafield tag="852" ind1=" " ind2=" ">
    <subfield code="a">NLR</subfield>
    <subfield code="j">&#x41F;-220&#x431;</subfield>
  </datafield>
  <datafield tag="856" ind1=" " ind2="0">
    <subfield code="u">http://vivaldi.nlr.ru/bx000016847/view</subfield>
  </datafield>
  <datafield tag="856" ind1=" " ind2="1">
    <subfield code="u">http://vivaldi.nlr.ru/bx000016847/cover</subfield>
  </datafield>
  <datafield tag="856" ind1=" " ind2="2">
    <subfield code="u">http://vivaldi.nlr.ru/bx000016847/text</subfield>
  </datafield>
  <datafield tag="899" ind1=" " ind2=" ">
    <subfield code="a">&#x420;&#x413;&#x411;</subfield>
  </datafield>
  <datafield tag="899" ind1=" " ind2=" ">
    <subfield code="a">&#x411;&#x410;&#x41D;</subfield>
  </datafield>
  <datafield tag="899" ind1=" " ind2=" ">
    <subfield code="a">&#x41D;&#x411;&#x41B; &#x41A;&#x413;&#x423;</subfield>
  </datafield>
  <datafield tag="899" ind1=" " ind2=" ">
    <subfield code="a">&#x414;&#x413;&#x41D;&#x411;</subfield>
  </datafield>
  <datafield tag="942" ind1=" " ind2=" ">
    <subfield code="c">BOOK</subfield>
  </datafield>
  <datafield tag="980" ind1="3" ind2=" ">
    <subfield code="a">kpcivil</subfield>
  </datafield>
  <datafield tag="980" ind1="3" ind2=" ">
    <subfield code="a">kp</subfield>
  </datafield>
  <datafield tag="980" ind1=" " ind2=" ">
    <subfield code="a">NB</subfield>
  </datafield>
  <datafield tag="980" ind1=" " ind2=" ">
    <subfield code="a">A1XVIIIv</subfield>
  </datafield>
  <datafield tag="980" ind1=" " ind2=" ">
    <subfield code="a">A1PetrI</subfield>
  </datafield>
  <datafield tag="981" ind1="2" ind2="0">
    <subfield code="a">(20) &#x41A;&#x43D;&#x438;&#x436;&#x43D;&#x44B;&#x435; &#x43F;&#x430;&#x43C;&#x44F;&#x442;&#x43D;&#x438;&#x43A;&#x438; &#x420;&#x41D;&#x411;</subfield>
    <subfield code="b">(20) &#x41E;&#x442;&#x434;&#x435;&#x43B; &#x440;&#x435;&#x434;&#x43A;&#x438;&#x445; &#x43A;&#x43D;&#x438;&#x433;</subfield>
  </datafield>
</record>
